00937nam a2200253 i 450000100060000000300090000600500170001500700030003200800410003502000180007608000230009410000270011724501240014425000120026826000360028030000400031649000290035665000450038570000440043083000370047485200330051199900170054495201220056166991ES-MaACL20230906165924.0t|040428s2003 sp ||||1| spa d a84-8310-915-8 a341.485"1945/1946"1 aOvery, Richard.98801010aInterrogatorios b: el Tercer Reich en el banquillo / cRichard Overy ; traducción de María Luz García de la Hoz. a1ª ed. aBarcelona : bTusquets, c2003. a653 p. : bfot. bl. y n. ; c23 cm.1 aTiempo de memoria ; v3104aNuremberg, Proceso de, 1945-1946.9156491 aGarcía de la Hoz, María Luz.9544450 aTiempo de memoria ; v319180241 aES-MaACLjL-27486 bR.133312 c66991d66991 00104070aATENEOMbATENEOMcDEPO2d2008-01-17eSCl0oL-27486p1070163r2023-02-23 00:00:00w2023-02-23yMONOGRAFIA